| 000 | 01216nam a22002891a 4500 | ||
|---|---|---|---|
| 005 | 20240305165352.0 | ||
| 007 | cr|||| |||| | ||
| 008 | 020621s2002 spc|||||| |00| ||spa|| | ||
| 017 | _aDL B. 23811-2002 | ||
| 020 | _a8476986610 | ||
| 035 | _a1190 | ||
| 040 | _dvLex | ||
| 043 |
_ae-sp--- _be-sp--- _2catmarc |
||
| 080 | _a347.746/.748(460)(094) | ||
| 090 |
_c2916 _d2916 |
||
| 100 | 1 | _aAdán Domenech, Federico | |
| 245 | 1 | 3 |
_aEl Nuevo proceso cambiario _h[Recurso electrónico] / _cFederico Adán Domenech ; prólogo: Joan Picó i Junoy |
| 256 | _aServicio en línea | ||
| 260 |
_aBarcelona : _bBosch, _ccop. 2002 |
||
| 300 | _a1 recurso electrónico | ||
| 506 | 1 |
_aContenido solo disponible en los productos indicados _dvLex Global _dvLex Global (Academic Edition, excluding Law Schools) _dvLex Global (U.S. Academic Edition, Law Schools) _dvLex Global (U.S. Academic Edition, excluding Law Schools) _dvLex Global (Academic Edition, Law Schools) |
|
| 650 | 0 | 4 |
_aLetras de cambio _xDerecho y legislación _zEspaña |
| 700 | 1 |
_aPicó i Junoy, Joan, _etrad. |
|
| 740 | 0 | _avLex Libros (Servicio en línea) | |
| 856 | 4 | 0 | _uhttps://app.vlex.com/#/sources/proceso-cambiario-nuevo-1190 |
| 942 | _cRAA | ||
| 999 |
_c161334 _d161334 |
||